Statistics for Non-Bordering Countries Closest to Germany

Click here to take the quiz!

General Stats

  • This quiz has been taken 4,335 times
  • The average score is 18 of 20

Answer Stats

kmcountrymiles% Correct
72Sweden45
98%
295United Kingdom184
98%
327Norway203
96%
45Italy28
95%
224Slovakia139
94%
118Slovenia73
94%
221Hungary137
92%
222Croatia138
91%
33Liechtenstein20
88%
459Lithuania285
88%
357Russia222
88%
485Serbia301
88%
496Latvia308
86%
331Bosnia and
Herzegovina
205
85%
388San Marino241
85%
595Ukraine370
85%
576Belarus358
84%
558Romania347
83%
422Monaco262
81%
620Vatican City385
81%

Score Distribution

Percentile by Number Answered

Percent of People with Each Score

Your Score History

You have not taken this quiz